LEADER 02764nam 2200409 450 001 9910796541203321 005 20180516120241.0 035 $a(CKB)4100000000775555 035 $a(MiAaPQ)EBC5123422 035 $a(EXLCZ)994100000000775555 100 $a20171205h20172017 uy 0 101 0 $aeng 135 $aurcnu|||||||| 181 $2rdacontent 182 $2rdamedia 183 $2rdacarrier 200 00$aBeyond markedness in formal phonology /$fedited by Bridget D. Samuels 210 1$aAmsterdam, [Netherlands] ;$aPhiladelphia, [Pennsylvania] :$cJohn Benjamins Publishing Company,$d2017. 210 4$dİ2017 215 $a1 online resource (251 pages) 225 0 $aLinguistik Aktuell/Linguistics Today,$x0166-0829 ;$vVolume 241 311 $a90-272-5724-8 311 $a90-272-6492-9 320 $aIncludes bibliographical references at the end of each chapters. 327 $aMarkedness in substance-free and substance-dependent phonology / David Odden -- Contrast is irrelevant in phonology : a simple account of Russian /v/ as /V/ / Charles Reiss -- What are grammars made of? / Juliette Blevins -- Consonant epenthesis and markedness / Bert Vaux and Bridget D. Samuels -- On silent markedness / Edoardo Cavirani and Marc van Oostendorp -- The phonetic salience of phonological head-dependent structure in a modulated-carrier model of speech / Kuniya Nasukawa -- Markedness and formalising phonological representations / Shanti Ulfsbjorninn -- Are there brain bases for phonological markedness? / Mathias Scharinger -- There is no place for markedness in biologically-informed phonology / Pedro Tiago Martins. 330 $a"In recent years, an increasing number of linguists have re-examined the question of whether markedness has explanatory power, or whether it is a phenomenon that begs explanation itself. This volume brings together a collection of articles with a broad range of critical viewpoints on the notion of markedness in phonological theory. The contributions span a variety of phonological frameworks and relate to morphosyntax, historical linguistics, neurolinguistics, biolinguistics, and language typology. This volume will be of particular interest to phonologists of both synchronic and diachronic persuasions, and has strong implications for the architecture of grammar with respect to phonology and its interfaces with morphosyntax and phonetics"--$cProvided by publisher. 606 $aMarkedness (Linguistics) 615 0$aMarkedness (Linguistics) 676 $a415 702 $aSamuels$b Bridget D. 801 0$bMiAaPQ 801 1$bMiAaPQ 801 2$bMiAaPQ 906 $aBOOK 912 $a9910796541203321 996 $aBeyond markedness in formal phonology$93868371 997 $aUNINA